Derrotero del archipiélago filipino / (Record no. 25239)

MARC details
000 -LEADER
campo de control de longitud fija 00787nam a2200205 i 4500
001 - NÚMERO DE CONTROL
campo de control 25239
003 - IDENTIFICADOR DE NÚMERO DE CONTROL
campo de control ES-MaACL
005 - FECHA Y HORA DE LA ÚLTIMA TRANSACCIÓN
campo de control 20230906153223.0
007 - CAMPO FIJO DE DESCRIPCIÓN FÍSICA--INFORMACIÓN GENERAL
campo de control de longitud fija t|
008 - DATOS DE LONGITUD FIJA--INFORMACIÓN GENERAL
campo de control de longitud fija 021223s1879 sp ||||1| spa d
080 ## - NÚMERO DE LA CLASIFICACIÓN DECIMAL UNIVERSAL
Número de la Clasificación Decimal Universal 912(599):656.618
100 1# - ENTRADA PRINCIPAL--NOMBRE DE PERSONA
Nombre de persona Arana, Camilo de.
9 (RLIN) 22241
245 10 - MENCIÓN DEL TÍTULO
Título Derrotero del archipiélago filipino /
Mención de responsabilidad, etc. redactado según los documentos más recientes por Camilo de Arana ; publicacdo de orden del Ministerio de Marina.
260 ## - PUBLICACIÓN, DISTRIBUCIÓN, ETC.
Lugar de publicación, distribución, etc. Madrid :
Nombre del editor, distribuidor, etc. Dirección de Hidrografía.,
Fecha de publicación, distribución, etc. 1879 (
Fabricante Imp. de Rojas)
300 ## - DESCRIPCIÓN FÍSICA
Extensión XXV, 1232 p. ;
Dimensiones 23 cm.
530 ## - NOTA DISPONIBLE DE FORMULARIO FÍSICO ADICIONAL
Nota de formato físico adicional disponible Disponible en formato digital.
650 #4 - PUNTO DE ACCESO ADICIONAL DE MATERIA--TÉRMINO DE MATERIA
Término de materia o nombre geográfico como elemento de entrada Derroteros-
Subdivisión geográfica Filipinas.
9 (RLIN) 154843
852 ## - LOCALIZACIÓN
Ubicación ES-MaACL
Número de control de estantería G-11302
856 ## - LOCALIZACIÓN Y ACCESO ELECTRÓNICOS
Identificador Uniforme de Recursos <a href="http://bdh-rd.bne.es/viewer.vm?id=0000008344&page=1 ">http://bdh-rd.bne.es/viewer.vm?id=0000008344&page=1 </a>
Nota pública Biblioteca Digital Hispánica
Holdings
Estatus retirado Estado de pérdida Estado de daño No para préstamo Colección Biblioteca de origen Biblioteca actual Ubicación en estantería Fecha de adquisición Fuente de adquisición Total de préstamos Signatura topográfica completa Código de barras Visto por última vez Precio de reemplazo Tipo de ítem Koha
        Colección digital Biblioteca del Ateneo de Madrid Biblioteca del Ateneo de Madrid Sala Pecera Planta 3 17/01/2008     G-11302 1026020 23/02/2023 23/02/2023 Libro impreso antiguo